Club ayant le plus de victoire en Liga par région - Statistiques

Statistiques générales
  • Ce quiz a été pris 119 fois
  • Le résultat moyen est 8 sur 17
Statistiques - réponses
Région Victoire Club % Correct
Catalogne 1787 FC Barcelone
100%
Madrid 1845 Real Madrid
99%
Andalousie 1118 FC Séville
95%
Valence 1294 Valencia CF
94%
Pays Basque 1319 Athletic Bilbao
88%
Canaries 390 UD Las Palmas
60%
Galice 679 Celta Vigo
45%
Aragon 698 Real Saragosse
43%
Murcie 145 Real Murcia CF
38%
Castille-et-Leon 501 Real Valladolid
36%
Navarre 500 CA Osasuna
34%
Asturies 471 Sporting Gijón
29%
Cantabrie 452 Racing Santander
23%
Baléares 387 RCD Mallorca
23%
Castille-La Manche 76 Albacete Balompié
7%
La Rioja 95 CD Logroñés
6%
Estrémadure 20 CF Extremadura
6%
Aucun quiz correspondant
Distribution des résultats
% des personnes avec chaque résultat
Percentile par nombre de réponses
Votre historique - résultats
Vous n’avez pas pris ce quiz